Statistics for The Florida Quiz

Click here to take the quiz!

General Stats

  • This quiz has been taken 75 times
    (59 since last reset)
  • The average score is 12 of 25

Answer Stats

Hint Answer % Correct
What is the Capital of Florida?Tallahassee
98%
What is the biggest city?Jacksonville
89%
What body of water borders the west?Gulf of Mexico
68%
What is the most well known NASCAR race annually?Daytona 500
66%
What island nation is 90 miles away from Florida's southernmost point?Cuba
66%
What body of water washes up on Florida's east coast?Atlantic Ocean
66%
WHat NFL team is in Jacksonville?Jaguars
66%
What are the chain of islands located below Miami known asThe Florida Keys
64%
In 1513, Ponce de León discovered Florida, what was he looking for?The Fountain of Youth
64%
What NBA team is in Orlando?Magic
61%
What MLB team is in Miami?Marlins
61%
Who is the Governor in Florida in 2015?An Idiot
52%
How many professional sports teams does Florida have in all (NFL, NBA, NHL, MLB, AFL, MLS)13
52%
Florida is home to the oldest city in the United States, name the city?St. Augustine
50%
What NHL team is in Tampa?Lightning
50%
What is the largest lake in the state?Lake Okeechobee
45%
Contrary to perception, Walt Disney property is not in Orlando but in which city?Kissimmee
43%
What is Florida's and the "Worlds Most Famous Beach"?Daytona Beach
34%
Which city is the lightning capital of the world?Tampa/ Clearwater
25%
As of a 2012 cencus, how many Florida cities had a population of more than 100,000?21
23%
What year did Florida become a state?1845
18%
What annual event occours at the beginning of March every year in Daytona Beach?Bike Week/ Spring Break
18%
Which beach is known as the "shark bite capital of the world"New Smyrna Beach
16%
___ ____ has the highest average temperature in the United States.Key West
14%
What is the name of the large fort in the above city? ^^^Castillo de San Marcos
5%

Score Distribution

Percentile by Number Answered

Percent of People with Each Score

Your Score History

You have not taken this quiz since the last reset